| 000 | 00737nam a22001817a 4500 | ||
|---|---|---|---|
| 999 |
_c1001 _d1001 |
||
| 001 | 3700 | ||
| 003 | BD-DhUAP | ||
| 005 | 20210119100515.0 | ||
| 008 | 200129s2001 bg a|||| |||| 00| 0 eng d | ||
| 040 |
_aBD-DhUAP _bEng _cBD-DhUAP _dBD-DhUAP |
||
| 082 |
_223 _a954.92 BAN |
||
| 245 |
_aবাঙালী ও বাংলাদেশের ঘটনাপঞ্জি / _cহারুন-অর-রশিদ কর্তৃক সম্পাদিত। |
||
| 260 |
_aঢাকা : _bহাসিনা প্রকাশন, _cc২০০১। |
||
| 300 |
_a[১০], পৃষ্ঠা : _bচিত্র ; _c২২ সেমি.। |
||
| 651 |
_aBangladesh _vHistory. |
||
| 700 | _aহারুন-অর-রশিদ। | ||
| 942 |
_2ddc _cBK |
||